000 00339nam a2200157Ia 4500
003 Ost
005 20260225132556.0
008 260225s9999||||xx |||||||||||||| ||und||
040 _cfsic
041 _afre
082 _a440
100 _aNoel Howard
_eAuteur
245 0 _aHollywood-sur-Nil /
245 0 _cNoel Howard
942 _cكتاب
999 _c34428
_d34428